Ulice, skwery i ronda Muranowa - Statystyki

Ogólne statystyki
  • Ten quiz został rozwiązany 31 razy
  • Średni wynik to 27 z 69
Odpowiedzi na mapie
Odpowiedzi zakodowano w zielono-czerwonej skali na mapie do tego quizu, zgodnie z poniższymi procentami.
 
Statystyki odpowiedzi
Odpowiedź % Poprawnych
al. Jana Pawła II
75%
ogród Krasińskich
75%
rondo AK "Radosław"
67%
rondo Sprawiedliwych Wśród Narodów Świata
67%
ul. Stawki
67%
ul. Dow Bera Meiselsa
58%
ul. Inflancka
58%
rondo Józefa Mackiewicza
58%
ul. Dzika
58%
ul. Mordechaja Anielewicza
58%
ul. Niska
58%
al. Ireny Sendlerowej
50%
ul. Długa
50%
ul. Zygmunta Słomińskiego
50%
rondo Jonasza Kofty
50%
skw. Więźniów Politycznych Stalinizmu
50%
ul. Józefa Lewartowskiego
50%
ul. Karmelicka
50%
ul. Nowolipki
50%
ul. Pamiętajcie o Ogrodach
50%
ul. Pawia
50%
ul. Świętojerska
50%
al. "Solidarności"
42%
ul. Kłopot
42%
pl. Krasińskich
42%
rondo Zdzisława Maklakiewicza
42%
skw. Matki Sybiraczki
42%
skw. Szpitala Ewangelickiego
42%
skw. Williy'ego Brandta
42%
ul. Alka Dawidowskiego
42%
ul. Barokowa
42%
ul. Błońska
42%
ul. Gen. Władysława Andersa
42%
ul. Kapucyńska
42%
ul. Miła
42%
ul. Miodowa
42%
ul. Nowolipie
42%
ul. Pokorna
42%
ul. Stare Nalewki
42%
skw. Batalionu Harcerskiego AK "Wigry"
33%
ul. Bonifraterska
33%
pl. Bohaterów Getta Warszawskiego
33%
skw. Batalionu AK "Czata 49'
33%
skw. Rodziny Kuczerów
33%
skw. Żołnierzy Tułaczy
33%
Tory
33%
ul. Gęsia
33%
ul. Leona Schillera
33%
ul. Stanisława Dubois
33%
ul. Wałowa
33%
ul. Nalewki
25%
ul. Sapieżyńska
25%
pasaż Krzysztofa Kolberga
25%
pasaż Simonsa
25%
skw. Marka Edelmana
25%
skw. Niedźwiedzia Wojtka
25%
skw. Szmula Zygelbojma
25%
skw. Tadeusza Zawadzkiego "Zośka"
25%
skw. Zofii Kuratowskiej
25%
ul. Bielańska
25%
ul. Dzielna
25%
ul. Ludwika Zamenhofa
25%
pasaż Adama Englerta
17%
pl. Władysława Szczepaniaka
17%
skw. Barbary Wachowicz
17%
skw. Ewangelicki
17%
skw. Tekli Badarzewskiej
17%
skw. Zbigniewa Wójcika
17%
ul. Franciszkańska
17%
Nie znaleziono quizów pasujących do podanych kryteriów
Rozkład punktacji
Procent ludzi z każdym wynikiem
Percentyl według liczby udzielonych odpowiedzi
Twoja historia wyników
Nie rozwiązałeś tego quizu